[Event "2 chtite parties ??"]
[Site "http://www.queenalice.com/game.php?id=152793"]
[Date "2007.1.11"]
[Round "-"]
[White "Loup"]
[Black "smagoo"]
[Result "0-1"]
[WhiteElo "2034"]
[BlackElo "2237"]

1. e4 c6 2. d4 d5 3. Nc3 dxe4 4. Bc4 Nf6 5. f3 b5 6. Bb3 e3 7. Bxe3 e6 8. Nh3
Be7 9. O-O O-O 10. Ne4 Nbd7 11. c3 e5 12. Nxf6+ Bxf6 13. Nf2 exd4 14. Bxd4 Qc7
15. a4 Be5 16. Bxe5 Nxe5 17. Re1 Nc4 18. axb5 cxb5 19. Qd5 Be6 20. Rxe6 fxe6 21.
Qxb5 Nd6 22. Qe5 Qb6 23. Bxe6+ Kh8 24. c4 Nb7 25. Bd5 Rae8 26. Qc3 Re2 27. Rf1
Rxb2 0-1

[Event "charles31"]
[Site "http://www.queenalice.com/game.php?id=187677"]
[Date "2007.3.25"]
[Round "2"]
[White "Loup"]
[Black "charles31"]
[Result "1-0"]
[WhiteElo "2020"]
[BlackElo "1663"]

1. e4 e5 2. f4 d5 3. exd5 exf4 4. Nf3 Nf6 5. Be2 Nxd5 6. c4 Nb6 7. d4 c6 8. Bxf4
Be7 9. O-O O-O 10. Nc3 Bg4 11. h3 Be6 12. b3 N8d7 13. Qd3 f6 14. Ne4 Rc8 15. Nd6
Bxd6 16. Bxd6 Re8 17. Nh4 c5 18. Bh5 cxd4 19. Bxe8 Qxe8 20. Rae1 Qf7 21. Nf3 Rd8
22. Ng5 1-0

[Event "charles31"]
[Site "http://www.queenalice.com/game.php?id=238791"]
[Date "2007.7.12"]
[Round "3"]
[White "Loup"]
[Black "ender"]
[Result "1-0"]
[WhiteElo "2023"]
[BlackElo "2040"]

1. e4 d5 2. exd5 Qxd5 3. Nc3 Qa5 4. d4 Nf6 5. Bc4 Bg4 6. f3 Bf5 7. Bd2 Qb6 8. g4
Qxd4 9. Qe2 Bg6 10. O-O-O Qd8 11. Bf4 Qc8 12. Nb5 Na6 13. g5 1-0

[Event "Blade Runner"]
[Site "http://www.queenalice.com/game.php?id=302837"]
[Date "2007.11.12"]
[Round "-"]
[White "chessyca"]
[Black "Loup"]
[Result "0-1"]
[WhiteElo "1621"]
[BlackElo "2049"]

1. d4 Nf6 2. e3 c5 3. c3 e6 4. f4 b6 5. Nf3 Be7 6. Bd3 d5 7. O-O O-O 8. Nbd2 Ba6
9. Ne5 Bxd3 10. Nxd3 Nc6 11. Ne5 Qc7 12. Ndf3 Ne4 13. Bd2 Nxe5 14. fxe5 f6 15.
Be1 fxe5 16. Nxe5 Rxf1+ 17. Kxf1 Bd6 18. Qg4 Rf8+ 19. Kg1 Bxe5 20. Qxe6+ Qf7 21.
Qxf7+ Kxf7 22. dxe5 Ke6 23. a3 Kxe5 24. Rd1 b5 25. b4 Rf6 26. bxc5 Rc6 27. Rc1
Rxc5 28. Kf1 a6 29. Kg1 Rc4 30. Bg3+ Ke6 31. Be1 Ra4 32. Ra1 Nd6 33. Bd2 Nc4 34.
Bc1 Ke5 35. h3 Ke4 36. Kf2 Kd3 37. Kf3 Kxc3 38. g4 Kc2 39. g5 Na5 40. Ke2 Nb3
41. Bb2 Nxa1 42. Bxa1 g6 43. Bf6 Rxa3 44. e4 dxe4 45. h4 a5 46. Be5 b4 0-1

[Event "Challenge"]
[Site "http://www.queenalice.com/game.php?id=306856"]
[Date "2007.11.19"]
[Round "-"]
[White "Da_vinci7"]
[Black "Loup"]
[Result "0-1"]
[WhiteElo "1163"]
[BlackElo "2049"]

1. d4 Nf6 2. e3 c5 3. c3 e6 4. f4 b6 5. Bd3 Ba6 6. Nf3 Bxd3 7. Qxd3 d5 8. O-O
Bd6 9. Nbd2 O-O 10. Ne5 Nbd7 11. Ndf3 Ne4 12. Bd2 f6 13. Nxd7 Qxd7 14. Be1 c4
15. Qd1 b5 16. a3 a5 17. Kh1 b4 18. Qc2 bxa3 0-1

[Event "Challenge"]
[Site "http://www.queenalice.com/game.php?id=306858"]
[Date "2007.11.19"]
[Round "-"]
[White "Loup"]
[Black "Da_vinci7"]
[Result "1-0"]
[WhiteElo "2049"]
[BlackElo "1163"]

1. e4 e5 2. f4 exf4 3. Bc4 Nc6 4. d4 g5 5. h4 Nf6 6. Nc3 Bb4 7. Ne2 Nxe4 8. d5
Ne5 9. Qd4 f6 10. Qxe4 Qe7 11. hxg5 Bxc3+ 12. bxc3 fxg5 13. d6 cxd6 14. Bd5 Rb8
15. g3 f3 16. Nd4 Nc6 17. Bxg5 Qxe4+ 18. Bxe4 b6 19. Nb5 1-0

[Event "Challenge"]
[Site "http://www.queenalice.com/game.php?id=330221"]
[Date "2008.1.3"]
[Round "-"]
[White "Da_vinci7"]
[Black "Loup"]
[Result "0-1"]
[WhiteElo "1221"]
[BlackElo "2061"]

1. d4 Nf6 2. Nc3 d5 3. e4 Nxe4 4. Nxe4 dxe4 5. Bc4 g6 6. f3 Bg7 7. c3 e5 8. d5
O-O 9. Be3 Nd7 10. Qd2 Nb6 11. Bb3 exf3 12. Nxf3 a5 13. a4 e4 14. Ng5 h6 15.
Nxe4 Qe7 16. Ng3 Re8 17. Nf1 Nc4 18. Bxc4 Qh4+ 19. Ng3 Qxc4 20. Kf2 Ra6 21. Rhe1
Re5 22. Bd4 Rxd5 23. Re8+ Kh7 24. Rxc8 Rxd4 25. cxd4 Bxd4+ 26. Ke1 Re6+ 27. Ne2
Bc5 28. Rxc7 Qh4+ 29. g3 Qxh2 30. Kd1 Rd6 31. Qxd6 Bxd6 32. Rxf7+ Kg8 33. Rf1
Qg2 34. Rg1 Qd5+ 35. Ke1 Bb4+ 36. Nc3 Qb3 0-1

[Event "Challenge"]
[Site "http://www.queenalice.com/game.php?id=330222"]
[Date "2008.1.3"]
[Round "-"]
[White "Loup"]
[Black "Da_vinci7"]
[Result "1-0"]
[WhiteElo "2069"]
[BlackElo "1265"]

1. e4 e5 2. f4 d5 3. exd5 e4 4. d3 Nf6 5. dxe4 Nxe4 6. Nf3 Bc5 7. Qe2 f5 8. Be3
Qxd5 9. Bxc5 Qxc5 10. Nc3 O-O 11. Nxe4 fxe4 12. Qc4+ Qxc4 13. Bxc4+ Kh8 14. Ne5
Nd7 15. Nf7+ Kg8 16. Ng5+ Kh8 17. O-O Nf6 18. Rfe1 Bf5 19. Nf7+ Rxf7 20. Bxf7
Rf8 21. Bb3 Re8 22. h3 h5 23. Kf2 Kh7 24. Rad1 h4 25. Ke3 Kg6 26. Rd4 Bd7 27.
Red1 Bc6 28. Rd8 Re7 29. Rh8 Nh5 30. g4 hxg3 31. Bc4 Nf6 32. Rg1 Nd5+ 33. Bxd5
Bxd5 34. Rxg3+ Kf7 35. b3 b6 36. h4 c5 37. h5 c4 38. h6 gxh6 39. Rh7+ Ke8 40.
Rxe7+ Kxe7 41. Rh3 cxb3 42. axb3 Be6 43. Rxh6 Bf5 44. c4 Kd7 45. Rf6 1-0

[Event "Retrouvaille"]
[Site "http://www.queenalice.com/game.php?id=343259"]
[Date "2008.1.26"]
[Round "-"]
[White "renard77"]
[Black "Loup"]
[Result "0-1"]
[WhiteElo "1743"]
[BlackElo "2049"]

1. d4 Nf6 2. Nc3 d5 3. e4 Nxe4 4. f3 Nxc3 5. bxc3 c5 6. Be3 Qa5 7. Ne2 cxd4 8.
Bxd4 Nc6 9. Qd2 e5 10. Bf2 Be6 11. g3 Bc5 12. Bg2 Bxf2+ 13. Kxf2 Qc5+ 14. Qe3
Qxe3+ 15. Kxe3 Na5 16. Kd2 Nc4+ 17. Kd3 Bf5# 0-1

[Event "Challenge"]
[Site "http://www.queenalice.com/game.php?id=348058"]
[Date "2008.2.3"]
[Round "-"]
[White "renard77"]
[Black "Loup"]
[Result "0-1"]
[WhiteElo "1738"]
[BlackElo "2054"]

1. d4 Nf6 2. Nc3 d5 3. Bf4 c5 4. e3 cxd4 5. exd4 a6 6. Bd3 Nc6 7. Nf3 Bg4 8. O-O
Nxd4 9. Be2 Nc6 10. h3 Bxf3 11. Bxf3 e6 12. Ne2 e5 13. Bg3 e4 14. Bg4 h5 15. c3
hxg4 16. h4 Bc5 17. b4 Bb6 18. a4 Nh5 19. Nf4 Nxg3 20. a5 Qxh4 21. Nh3 gxh3 0-1

[Event "Challenge"]
[Site "http://www.queenalice.com/game.php?id=348059"]
[Date "2008.2.3"]
[Round "-"]
[White "Loup"]
[Black "renard77"]
[Result "1-0"]
[WhiteElo "2058"]
[BlackElo "1738"]

1. e4 Nc6 2. Nf3 e5 3. Bc4 Nf6 4. Ng5 d5 5. exd5 Nxd5 6. d4 Nxd4 7. c3 Ne6 8.
Qxd5 Nxg5 9. Qxd8+ Kxd8 10. Bxg5+ f6 11. Be3 c6 12. Nd2 Bf5 13. f4 Bd6 14. fxe5
fxe5 15. O-O Bg6 16. Nf3 Kc7 17. Ng5 b5 18. Bb3 Kd7 19. Rad1 h6 20. Bc5 hxg5 21.
Rxd6+ Kc7 22. Rxg6 Rh7 23. Rf7+ 1-0

[Event "Challenge"]
[Site "http://www.queenalice.com/game.php?id=355995"]
[Date "2008.2.17"]
[Round "-"]
[White "renard77"]
[Black "Loup"]
[Result "0-1"]
[WhiteElo "1758"]
[BlackElo "2061"]

1. d4 c5 2. Nf3 Nf6 3. Nc3 cxd4 4. Nxd4 d5 5. e3 e5 6. Nb3 Nc6 7. a3 Be7 8. Be2
O-O 9. O-O Be6 10. h3 d4 11. exd4 exd4 12. Na2 a5 13. Bf4 a4 14. Nc5 Bxc5 15.
Bd3 Nd5 16. Bg3 f5 17. Qh5 Qe8 18. Rae1 Qxh5 19. c4 dxc3 20. Rxe6 f4 21. Bh2 f3
22. bxc3 fxg2 23. Kxg2 Qf3+ 0-1

[Event "Challenge"]
[Site "http://www.queenalice.com/game.php?id=355996"]
[Date "2008.2.17"]
[Round "-"]
[White "Loup"]
[Black "renard77"]
[Result "1-0"]
[WhiteElo "2065"]
[BlackElo "1758"]

1. d4 d5 2. Bg5 h6 3. Bh4 Nf6 4. Bxf6 exf6 5. e3 Bd6 6. c4 Be6 7. cxd5 Bxd5 8.
Nc3 Be6 9. Nf3 a6 10. Bd3 O-O 11. O-O c6 12. e4 Bg4 13. h3 Bh5 14. g4 Bg6 15.
Re1 Bf4 16. Qb3 b5 17. Ne2 Qc7 18. Nxf4 Kh8 19. Nxg6+ fxg6 20. Nh4 Kh7 21. e5
fxe5 22. Nxg6 Rf6 23. Ne7+ 1-0

[Event "Challenge"]
[Site "http://www.queenalice.com/game.php?id=368018"]
[Date "2008.3.9"]
[Round "-"]
[White "dede1900"]
[Black "Loup"]
[Result "1/2-1/2"]
[WhiteElo "2029"]
[BlackElo "2071"]

1. d4 Nf6 2. c4 Nc6 3. Nf3 e6 4. Nc3 Bb4 5. a3 Bxc3+ 6. bxc3 O-O 7. Qc2 d6 8. g3
e5 9. Bg2 Re8 10. Bg5 h6 11. Bxf6 Qxf6 12. d5 e4 13. Nd2 e3 14. O-O Bf5 15. Be4
Bxe4 16. Nxe4 Qg6 17. dxc6 bxc6 18. f3 d5 19. Qd3 dxe4 20. Qxe3 exf3 21. Qxf3
Rab8 22. Rf2 Qe6 23. Rd1 Rb3 24. a4 f6 25. Rd4 Ra3 26. c5 Ra1+ 27. Rf1 Ra2 28.
Rf2 Ra1+ 29. Rf1 Ra2 30. Rf2 Ra1+ 1/2-1/2

[Event "Echecs.m@t Part2"]
[Site "http://www.queenalice.com/game.php?id=381090"]
[Date "2008.4.2"]
[Round "1"]
[White "Loup"]
[Black "gillou91"]
[Result "1-0"]
[WhiteElo "2069"]
[BlackElo "2007"]

1. e4 c5 2. Nf3 d6 3. d4 cxd4 4. Nxd4 Nf6 5. Nc3 a6 6. Be3 e6 7. f3 b5 8. g4 Bb7
9. Qd2 Nc6 10. Nxc6 Bxc6 11. g5 Nd7 12. O-O-O b4 13. Ne2 d5 14. Nd4 Bb7 15. exd5
Bxd5 16. Bg2 Nb6 17. f4 Nc4 18. Qe2 Nxe3 19. Qxe3 Bc5 20. Qe5 O-O 21. Nf5 f6 22.
gxf6 1-0

[Event "charles31"]
[Site "http://www.queenalice.com/game.php?id=414185"]
[Date "2008.6.6"]
[Round "4"]
[White "smagoo"]
[Black "Loup"]
[Result "0-1"]
[WhiteElo "2238"]
[BlackElo "2083"]

1. d4 Nf6 2. c4 Nc6 3. d5 Ne5 4. e4 e6 5. f4 Ng6 6. dxe6 fxe6 7. Bd3 Bc5 8. Nc3
d6 9. Nh3 O-O 10. Ng5 h6 11. Nh3 Nh4 12. Qe2 d5 13. e5 dxc4 14. Bxc4 Nd5 15. Bd2
Nxc3 16. Bxc3 b5 17. Bb3 Bb7 18. Bxe6+ Kh8 19. Qxb5 Nxg2+ 20. Ke2 Bb6 21. Rhf1
Qh4 22. Qd3 Rad8 23. Bd7 Rxd7 24. Qxd7 Ba6+ 0-1

[Event "Echecs.m@t Part2"]
[Site "http://www.queenalice.com/game.php?id=449645"]
[Date "2008.8.16"]
[Round "2"]
[White "smagoo"]
[Black "Loup"]
[Result "0-1"]
[WhiteElo "2240"]
[BlackElo "2104"]

1. d4 Nf6 2. c4 Nc6 3. Nc3 e5 4. d5 Nd4 5. Bg5 h6 6. Bxf6 Qxf6 7. e3 Nf5 8. Bd3
b6 9. Nge2 Bb4 10. a3 Bxc3+ 11. Nxc3 Nd6 12. O-O O-O 13. f4 exf4 14. Rxf4 Qe5
15. Qf3 Ba6 16. Rf1 f5 17. h4 Rae8 18. Nd1 c6 19. dxc6 dxc6 20. Qxc6 Bb7 21. Qa4
g5 22. hxg5 hxg5 23. Rd4 Re7 24. Qb4 Rf6 25. Qb3 Kf8 26. c5 bxc5 27. Rxd6 Qxd6
28. Bxf5 Ref7 29. Bd3 Qg3 30. Qc2 Kg7 31. Rxf6 Rxf6 32. Bf1 Ba6 33. Nf2 Bxf1 34.
Kxf1 Qxe3 0-1

[Event "charles31"]
[Site "http://www.queenalice.com/game.php?id=465725"]
[Date "2008.9.19"]
[Round "5"]
[White "Loup"]
[Black "GribicheLeTroll"]
[Result "1-0"]
[WhiteElo "2134"]
[BlackElo "2222"]

1. e4 d5 2. exd5 Nf6 3. d4 Bg4 4. Bb5+ Nbd7 5. f3 Bf5 6. g4 Bg6 7. Nc3 a6 8. Ba4
b5 9. Bb3 Nb6 10. a4 Nfxd5 11. Nxd5 Nxd5 12. Qe2 e6 13. axb5 a5 14. Nh3 a4 15.
Bxd5 Qxd5 16. Be3 a3 17. bxa3 Bb4+ 18. Kf2 Bc3 19. Rad1 Rxa3 20. Nf4 Qd6 21. Qc4
Ba5 22. Qc6+ Qxc6 23. bxc6 Bxc2 24. Ra1 Bb4 25. Rxa3 Bxa3 26. Ra1 Be7 27. Ra7
Bd8 28. d5 Bb3 29. Bb6 cxb6 30. d6 1-0

[Event "BOB FISCHER "]
[Site "http://www.queenalice.com/game.php?id=505650"]
[Date "2008.12.10"]
[Round "1"]
[White "Loup"]
[Black "StenioVS"]
[Result "1-0"]
[WhiteElo "2120"]
[BlackElo "2177"]

1. e4 d6 2. d4 e5 3. dxe5 dxe5 4. Qxd8+ Kxd8 5. Bc4 Be6 6. Bxe6 fxe6 7. Nf3 Bd6
8. Nbd2 b5 9. a4 c6 10. axb5 cxb5 11. c4 b4 12. c5 Bxc5 13. Nxe5 Ke7 14. Nb3 Bd6
15. Nc4 Bc7 16. Nd4 Nf6 17. Nb5 Rc8 18. Rxa7 Rxa7 19. Nxa7 Rd8 20. e5 Ne4 21. f3
Rd4 22. Nb6 Bxb6 23. Nc8+ Kd8 24. Nxb6 Rd1+ 25. Kxd1 Nf2+ 26. Ke2 Nxh1 27. Be3
1-0

[Event "BOB FISCHER "]
[Site "http://www.queenalice.com/game.php?id=596415"]
[Date "2009.5.31"]
[Round "2"]
[White "TheAlchemist"]
[Black "Loup"]
[Result "1/2-1/2"]
[WhiteElo "2117"]
[BlackElo "2163"]

1. e4 g6 2. d4 Bg7 3. c3 d6 4. f4 Nf6 5. Bd3 e5 6. Nf3 exf4 7. Bxf4 O-O 8. O-O
c5 9. dxc5 dxc5 10. Qe2 Bg4 11. Nbd2 Nc6 12. h3 Be6 13. a3 Nh5 14. Bh2 Bh6 15.
Rad1 Nf4 16. Bxf4 Bxf4 17. Bc4 Qe7 18. Bxe6 Qxe6 19. Nh2 Bxh2+ 1/2-1/2

[Event "Echecs.m@t Part2"]
[Site "http://www.queenalice.com/game.php?id=611674"]
[Date "2009.7.1"]
[Round "4"]
[White "Cat"]
[Black "Loup"]
[Result "0-1"]
[WhiteElo "2113"]
[BlackElo "2162"]

1. d4 Nf6 2. Nf3 Ne4 3. Bf4 d5 4. e3 c6 5. Bd3 Bf5 6. Nbd2 Nxd2 7. Qxd2 Bxd3 8.
Qxd3 e6 9. a3 Be7 10. O-O-O Nd7 11. h4 Nf6 12. Ne5 Ne4 13. Qb3 Qb6 14. Qxb6 axb6
0-1

[Event "BOB FISCHER "]
[Site "http://www.queenalice.com/game.php?id=652386"]
[Date "2009.9.14"]
[Round "3"]
[White "Loup"]
[Black "GMcruz"]
[Result "1-0"]
[WhiteElo "2173"]
[BlackElo "2250"]

1. e4 c5 2. Nf3 d6 3. d4 cxd4 4. Nxd4 Nf6 5. Nc3 a6 6. Be3 e5 7. Nb3 Be6 8. f3
Nbd7 9. Qd2 Be7 10. g4 b5 11. a4 b4 12. Nd5 Bxd5 13. exd5 O-O 14. g5 Nh5 15. Rg1
f5 16. Qxb4 a5 17. Qh4 g6 18. O-O-O f4 19. Bf2 Ng3 20. Bb5 Nf5 21. Qg4 Qc7 22.
Rd3 Rfc8 23. Rc3 Qd8 24. Rc6 Rxc6 25. dxc6 Nb6 26. Bd3 Ng7 27. Rd1 Qc7 28. Bxb6
Qxb6 29. Qd7 Ra7 30. Bc4+ Kf8 31. Qc8+ Ne8 32. Nd4 Qd8 33. Ne6+ 1-0

[Event "OM - PSG"]
[Site "http://www.queenalice.com/game.php?id=654141"]
[Date "2009.9.18"]
[Round "-"]
[White "davidlemarseillais91"]
[Black "Loup"]
[Result "1/2-1/2"]
[WhiteElo "1598"]
[BlackElo "2187"]

1. Nf3 Nc6 2. d4 d5 3. h3 Bf5 4. a3 e6 5. Nc3 Qd7 6. e3 a6 7. b3 h6 8. Bd3 Nge7
9. Qe2 Bxd3 10. Qxd3 Nf5 11. Bb2 Be7 12. O-O O-O-O 13. Rfd1 Nd6 14. Ne5 Nxe5 15.
dxe5 Ne4 16. Nxe4 dxe4 17. Qxe4 Qxd1+ 18. Rxd1 Rxd1+ 19. Kh2 Rb1 1/2-1/2

[Event "BOB FISCHER "]
[Site "http://www.queenalice.com/game.php?id=735716"]
[Date "2010.2.21"]
[Round "4"]
[White "Loup"]
[Black "hartlaub"]
[Result "0-1"]
[WhiteElo "2176"]
[BlackElo "2300"]

1. e4 e6 2. d4 d5 3. e5 c5 4. Nc3 Nc6 5. Nf3 cxd4 6. Nb5 Bc5 7. a3 a6 8. b4 axb5
9. bxc5 Qa5+ 10. Bd2 b4 11. Bd3 Qxc5 12. axb4 Rxa1 13. Qxa1 Nxb4 14. O-O Nc6 15.
Bc1 f6 0-1